000 01213nam a2200325 a 4500
001 000114071
003 CHAP
005 20220329144425.0
008 171025s2017 mx sm |||||||spa d
010 _a110532
011 _a111504
040 _cCHAP
090 _aTesis
100 1 _aRivera Carranza, Yulia
_9133927
245 1 0 _aEvaluación de una fitasa y una proteasa exógenas sobre el peso de la canal y sus fracciones comerciales en codornices de engorda
_h[En línea]
_cpor Yuliana Rivera Carranza.
260 _aCocula, Gro. :
_bEl autor,
_c2017.
500 _aPara ver el contenido del material haga clic en la liga
502 _aTesis (Ing. Agr.Zootecnista ) -- Colegio Superior Agropecuario del Estado de Guerrero
590 _aE6339RRR
_b05
_c20171025
_lUCH01
_h1432
590 _aE6339RRR
_b05
_c20171025
_lUCH01
_h1433
590 _aE6339RRR
_b05
_c20171025
_lUCH01
_h1433
650 1 4 _aAlimentos
_xEnzimas.
_94218
650 1 4 _aCodorniz
_xAlimentación.
_924301
650 1 4 _aCodorniz
_xAnatomía y fisiología.
_924302
650 1 4 _aCodorniz
_xEngorda.
_924306
856 _aFinding aid
_uhttp://10.13.5.2/tesis/sist114071.pdf
_zTeclea aquí
901 _aBK
942 _cTESIS
942 _n0
999 _c110532
_d110532